Statistics for Official Languages of The World Multiple Choice

Click here to take the quiz!

General Stats

  • This quiz has been taken 200 times
  • The average score is 8 of 15

Answer Stats

QuestionAnswer% Correct
Khmer is the official language of which one of these countries?Cambodia
81%
Which one of these languages is official in only one country?Japanese
77%
Which one of these languages is NOT one of Switzerland's official languages?Swiss
74%
What is the official language of Angola?Portuguese
72%
Oromo has the most speakers in Ethiopia, but is not the official language. Which one is?Amharic
71%
True or false - Pashto is the only official language of AfghanistanFalse
70%
Which one of these countries does NOT have any official language?United States
69%
Which one of these is NOT one of Kosovo's official languages?Kosovan
65%
Berber is NOT one of the official languages of which one of these countries?Tunisia
60%
How many official languages does the United Nations have?6
40%
How many official languages does South Africa have?11
37%
In how many countries is Russian an official language other than Russia itself?3
37%
Sign language is NOT one of the official languages of which one of these countries?Canada
37%
Until which year was Arabic considered as an official language of Israel?2018
34%
Which one of these European countries did NOT have any official language up till 2009?Sweden
21%

Score Distribution

Percentile by Number Answered

Percent of People with Each Score

Your Score History

You have not taken this quiz